Obchodovanie na komoditných burzách bakalárska práca

Enregistré dans:
Détails bibliographiques
Auteur principal: Šoltésová, Adriána
Collectivité auteur: Obchodná fakulta EU. Katedra medzinárodného obchodu
Autres auteurs: Pullmanová, Terézia, 1953-
Format: Livre
Langue:slovaque
Publié: Bratislava 2010
Tags: Ajouter un tag
Pas de tags, Soyez le premier à ajouter un tag!

MARC

LEADER 00000nam$a2200000$$$4500
001 0134261
005 20240320074339.5
041 0 |a slo 
044 |a SK 
245 1 0 |a Obchodovanie na komoditných burzách  |b bakalárska práca  |c Adriána Šoltésová ; školiteľ: Terézia Pullmanová 
264 1 |a Bratislava  |c 2010 
300 |a 36 s. 
100 1 |a Šoltésová, Adriána 
700 1 |a Pullmanová, Terézia, 1953- 
710 2 |a Obchodná fakulta EU. Katedra medzinárodného obchodu